• 首页
  • 本馆介绍
  • 公告通知
  • 最新文献
  • 馆藏检索
  • 电子资源
  • 读者导购
  • 参考咨询
  • 我的图书馆
  • 登录
  • 详细信息显示
  • 放入我的书架
  • 预约/预借图书
  • 作者相关作品
  • 分类相关作品
  • 丛书相关作品
  • 出版社相关作品

书目信息

  • 表格格式
  • 工作单格式
  • 卡片格式
题名:
幼学科学知识百滴
    
 
作者: 茅以升 主编 ;耿守忠 , 杨治梅 著
分册:  
出版信息: 太原   山西人民出版社  1983
页数: 268页
开本: 19cm
丛书名: 父母必备丛书
单 册:
中图分类: Z228 , I287.5
科图分类:
主题词: 科学知识--普及读物 , 儿童文学--中国 , 儿童文学--中国--丛书
电子资源:
ISBN:
000 00844nam2 2200301 45
001 1561956424
005 20170926181302.25
010    @dCNY0.65
091    @aCN@b10088.795
100    @a19950415d1983 em y0chiy0121 ea
101 0  @achi
102    @aCN@b140000
105    @ay f 000yy
200 10 @a幼学科学知识百滴@Ayou xue ke xue zhi shi bai di@f茅以升主编@g耿守忠,杨治梅著
210    @a太原@c山西人民出版社@d1983
215    @a268页@d19cm
225 2  @a父母必备丛书
410  0 @120010@a父母必备丛书
606    @a科学知识@x普及读物
606 0  @a儿童文学@x中国
606 0  @a儿童文学@x中国@x丛书
690    @aZ228@v3
690    @aI287.5@v4
701  0 @a茅以升@Amao yi sheng@4主编
702  0 @a耿守忠@Ageng shou zhong@4著
702  0 @a杨治梅@Ayang zhi mei@4著
801  0 @aCN@bTSSF@c20150127
905    @aZUCC@dI287.5@eJY19
    
    幼学科学知识百滴/茅以升主编/耿守忠,杨治梅著.-太原:山西人民出版社,1983
    268页;19cm.-(父母必备丛书)
    
    
    ISBN :CNY0.65
    
●
相关链接 在E读中查询图书 在五车中查询图书 在当当中查询图书 在豆瓣中查询图书


正题名:幼学科学知识百滴     索取号:I287.5/JY19         预约/预借

序号 登录号 条形码 馆藏地/架位号 状态 备注
1 7847608   278476089   学院路分馆/ [索取号:I287.5/JY19] 在馆    
2 7847609   278476098   学院路分馆/ [索取号:I287.5/JY19] 在馆    
唐山师范学院图书馆 欢迎您!
大连网信软件有限公司© 版权所有